000 00728nam a22001817a 4500
003 BD-DhUL
005 20160907153853.0
008 160907s1994 ii ||||| |||| 00| 0 ben
040 _aBD-DhUL
_cBD-DhUL
082 _a954.14
_bISB
100 1 _aইসলাম, নজরুল
245 _aবাংলায় হিন্দু মুসলমান সম্পর্ক /
_cনজরুল ইসলাম
260 _aকলকাতা :
_bমিত্র ও ঘোষ,
_c১৯৯৪.
300 _a[৮], ২৯৩, ৩৯ পৃ. :
_b চিত্র ;
_c ২২ সেমি.
650 0 _aঅবিভক্ত বাংলা - ইতিহাস
650 0 _aUndivided Banla-History
942 _2ddc
_cBK
999 _c104659
_d104659